• 首页
  • 本馆介绍
  • 公告通知
  • 最新文献
  • 馆藏检索
  • 电子资源
  • 读者导购
  • 参考咨询
  • 我的图书馆
  • 登录
  • 详细信息显示
  • 放入我的书架
  • 预约/预借图书
  • 作者相关作品
  • 分类相关作品
  • 丛书相关作品
  • 出版社相关作品

书目信息

  • 表格格式
  • 工作单格式
  • 卡片格式
题名:
中国小说史略
    
 
作者: 鲁迅, 著
分册:  
出版信息: 北京   中国书籍出版社  2020.04
页数: 365页
开本: 21cm
丛书名: 中国史略丛刊
单 册:
中图分类: I210.91
科图分类:
主题词: 鲁迅著作--lu xun zhu zuo--小说史--中国
电子资源:
ISBN: 978-7-5068-7616-2
000 01065nam 2200289 450
001 2142781785
005 20211130115307.32
010    @a978-7-5068-7616-2@b精装@dCNY67.00
100    @a20200617d2020 em y0chiy50 ea
101 0  @achi
102    @aCN@b110000
105    @ay a 000yy
200 1  @a中国小说史略@Azhong guo xiao shuo shi lue@f鲁迅著
210    @a北京@c中国书籍出版社@d2020.04
215    @a365页@d21cm
225 2  @a中国史略丛刊@Azhong guo shi lue cong kan@h第一辑
314    @a鲁迅, 作家。
320    @a有书目
330    @a本书是中国文学研究现代进程中具有开启先河之功的重要著作, 是一部分体文学通史。其文学史梳理方式对后代文学研究和写作产生了深远的影响, 而书中对俗文学各种文体的关注更是“五四”运动兴起之后的重要研究方向, 充分体现了现代学术发展的视角和特色所在。
410  0 @12001 @a中国史略丛刊@h第一辑
606 0  @a鲁迅著作@Alu xun zhu zuo@x小说史@y中国
690    @aI210.91@v5
701  0 @a鲁迅,@Alu xun@f1881-1936@4著
801  0 @aCN@b人天书店@c20200617
902    @aRt931-1600
905    @aZUCC@dI210.91@e4
962    @a6967207
    
    中国小说史略/鲁迅著.-北京:中国书籍出版社,2020.04
    365页;21cm.-(中国史略丛刊.第一辑)
    
    
    ISBN 978-7-5068-7616-2(精装):CNY67.00
    本书是中国文学研究现代进程中具有开启先河之功的重要著作, 是一部分体文学通史。其文学史梳理方式对后代文学研究和写作产生了深远的影响, 而书中对俗文学各种文体的关注更是“五四”运动兴起之后的重要研究方向, 充分体现了现代学术发展的视角和特色所在。
●
相关链接 在五车中查询图书 在当当中查询图书 在豆瓣中查询图书


正题名:中国小说史略     索取号:I210.91/4         预约/预借

序号 登录号 条形码 馆藏地/架位号 状态 备注
1 2000891495   2000891495   思政阅览室/思1架A面3层12列/ [索取号:I210.91/4] 在馆    
山东省滨州职业学院图书馆 欢迎您!
大连网信软件有限公司© 版权所有